|
|
|
|
| LEADER |
01276cas a2200181 a 4500 |
| 001 |
AALConferenceProceedingsASME001188 |
| 008 |
230101c9999 xx r poo 0 0eng d |
| 020 |
|
|
|a 978-0-7918-5139-5
|
| 040 |
|
|
|a BD-DhAAL
|c BD-DhAAL
|
| 245 |
0 |
0 |
|h [electronic resource]
|a ASME 2018 Power Conference collocated with the ASME 2018 12th International Conference on Energy Sustainability and the ASME 2018 Nuclear Forum - Volume 1: Fuels, Combustion, and Material Handling; Combustion Turbines Combined Cycles; Boilers and Heat Recovery Steam Generators; Virtual Plant and Cyber-Physical Systems; Plant Development and Construction; Renewable Energy Systems
|
| 260 |
|
|
|b ASME
|
| 300 |
|
|
|a 1 online resource
|
| 500 |
|
|
|a <strong>Off-Campus Access:</strong> Athens ID and Password Required
|
| 500 |
|
|
|a <strong>On-Campus Access:</strong> No User ID or Password Required
|
| 506 |
|
|
|a Electronic access restricted to authorized BRAC University faculty, staff and students
|
| 538 |
|
|
|a Mode of access: Internet
|
| 856 |
4 |
0 |
|z Full text available on ASME[2018-2018]
|u https://asmedigitalcollection.asme.org/POWER/POWER2018/volume/51395
|
| 856 |
4 |
0 |
|z Off-campus access
|u https://go.openathens.net/redirector/bracu.ac.bd?url=https%3A%2F%2Fasmedigitalcollection.asme.org%2FPOWER%2FPOWER2018%2Fvolume%2F51395
|